| 000 | 00889cam a2200301 4500 | ||
|---|---|---|---|
| 008 | 090401t1999 xxu||||| |||| 00| 0 eng d | ||
| 020 | _a1859350518 | ||
| 035 | _a(Sirsi) u92978 | ||
| 041 | _aeng | ||
| 050 | _a725.54 | ||
| 245 | _aMeeting Part M and designing Lifetime Homes. | ||
| 260 |
_aYork _bJoseph Rowntree Foundation _c1999 |
||
| 300 | _a36p. : ill. ; 30cm. | ||
| 350 | _a19.95 | ||
| 650 | _aMANAGEMENT-BUSINESS MANAGEMENT-DISCRIMINATION-DISABILITY DISCRIMINATION-ACCESSIBILITY | ||
| 650 | _aACCESSIBLE HOUSING | ||
| 650 | _aBUILT ENVIRONMENT-CONSTRUCTION DESIGN | ||
| 650 | _aDISABLED PEOPLE | ||
| 650 | _aHOUSE BUILDING | ||
| 650 | _aLIFETIME HOMES | ||
| 650 | _aPART M | ||
| 690 | _aBUILT ENVIRONMENT | ||
| 700 |
_aCarroll, Caitriona _xEditor |
||
| 700 |
_aCowans, Julie _xEditor |
||
| 700 |
_aDarton, David _xEditor |
||
| 942 | _n0 | ||
| 948 | _c26/04/1999 | ||
| 999 |
_c97793 _d97793 |
||